Vista normal
Vista MARC
Entrada Personal Name
Número de registros utilizados en: 1
001 - CONTROL NUMBER
- control field: 17338
003 - CONTROL NUMBER IDENTIFIER
- control field: DLC
005 - DATE AND TIME OF LATEST TRANSACTION
- control field: 20250716154938.0
008 - FIXED-LENGTH DATA ELEMENTS
- fixed length control field: 970808n| azannaabn |a aaa
010 ## - LIBRARY OF CONGRESS CONTROL NUMBER
- LC control number: n 97079884
035 ## - SYSTEM CONTROL NUMBER
- System control number: (OCoLC)oca04404204
035 ## - SYSTEM CONTROL NUMBER
- System control number: (CaEvSKY)skya4419253
040 ## - CATALOGING SOURCE
- Original cataloging agency: DLC
- Language of cataloging: spa
- Description conventions: rda
- Transcribing agency: Mx-PuUPA
- Modifying agency: OCoLC
- Modifying agency: ICU
- Modifying agency: MX-MxCID
- Modifying agency: DLC
- Modifying agency: Mx-PuUPA
046 ## - SPECIAL CODED DATES
- Birth date: 1971
- Source of date scheme: edtf
100 1# - HEADING--PERSONAL NAME
- Personal name: Salazar, Pedro,
- Dates associated with a name: 1971-
370 ## - ASSOCIATED PLACE
- Associated country: México
- Source of term: naf
371 ## - ADDRESS
- Electronic mail address: pedsalug@yahoo.com
372 ## - FIELD OF ACTIVITY
- Field of activity: Derecho
- Field of activity: Derecho onstitucional
- Source of term: lcsh
373 ## - ASSOCIATED GROUP
- Associated group: Instituto Tecnológico Autónomo de México
- Associated group: Universidad Nacional Autónoma de México. Instituto de Investigaciones Jurídicas
- Source of term: naf
374 ## - OCCUPATION
- Occupation: Abogado
- Occupation: Investigador
375 ## - GENDER
- Gender: hombre
- Source of term: lcdgt
377 ## - ASSOCIATED LANGUAGE
- Language code: spa
400 1# - SEE FROM TRACING--PERSONAL NAME
- Personal name: Salazar Ugarte, Pedro
- Dates associated with a name: 1971-
400 1# - SEE FROM TRACING--PERSONAL NAME
- Personal name: Ugarte, Pedro Salazar
- Dates associated with a name: 1971-
670 ## - SOURCE DATA FOUND
- Source citation: La reforma electoral de 1996, 1997:
- Information found: t.p. (Pedro Salazar) p. 230 (bibliog.: Salazar Ugarte, Pedro)
670 ## - SOURCE DATA FOUND
- Source citation: La mecánica del cambio político en México, 2000:
- Information found: t.p. (Pedro Salazar) flap (b. 1971, lic. en Derecho por el ITAM)
670 ## - SOURCE DATA FOUND
- Source citation: Universidad Nacional Autónoma de México, via WWW, Mar.11, 2016:
- Information found: (Pedro Salazar Ugarte; Investigador titular "B" de tiempo completo en el Instituto de Investigaciones Jurídicas de la UNAM; Líneas de Investigación: Constitucionalismo, Control de Constitucionalidad, Democracia, Derechos Fundamentales; pedsalug@yahoo.com)
- Uniform Resource Identifier: http://www.juridicas.unam.mx/invest/directorio/investigador.htm?p=pedrosu